00543nam a2200193 a 4500001001000000005001700010008004100027041000800068044000700076050002100083100005300104245007200157250000700229260005200236300002300288500000900311650001700320650001200337BRCA_632120190320205418.0080811s1906----gw-#######---#000-0#ger-# ager agw 4aQA101b.L84 19061 aLübsen, H. B.d1801-1864.q(Heinrich Borchert)10aAusfuehrliches Lehrbuch der Arithmetik und AlgebracH. B. Lübsen. a26 aLeipzig, AlemaniabFriedrich Brandstetterc1906 aiv, 261 p.c21 cm. aK18214aAritmética14aAlgebra